5HLuxD.jpg

KING HENRY VIII SENIOR AND PRIMARY SCHOOL LIBRARY OPAC

Alex Rodriguez / (Record no. 451)

000 -LEADER
fixed length control field 01270cam a2200361 a 4500
001 - CONTROL NUMBER
control field 16434010
003 - CONTROL NUMBER IDENTIFIER
control field OSt
005 - DATE AND TIME OF LATEST TRANSACTION
control field 20190815090927.0
008 - FIXED-LENGTH DATA ELEMENTS--GENERAL INFORMATION
fixed length control field 100826s2011 miua j b 001 0beng
010 ## - LIBRARY OF CONGRESS CONTROL NUMBER
LC control number 2010035231
020 ## - INTERNATIONAL STANDARD BOOK NUMBER
International Standard Book Number 9781420503500 (hbk.)
020 ## - INTERNATIONAL STANDARD BOOK NUMBER
International Standard Book Number 1420503502 (hbk.)
035 ## - SYSTEM CONTROL NUMBER
System control number (OCoLC)ocn660802091
040 ## - CATALOGING SOURCE
Original cataloging agency DLC
Transcribing agency DLC
Modifying agency IG#
-- QBX
-- DLC
042 ## - AUTHENTICATION CODE
Authentication code lcac
-- pcc
043 ## - GEOGRAPHIC AREA CODE
Geographic area code n-us---
082 00 - DEWEY DECIMAL CLASSIFICATION NUMBER
Classification number 921 USC
Edition number 22
100 1# - MAIN ENTRY--PERSONAL NAME
Personal name Uschan, Michael V,
Dates associated with a name 1948-
Relator term author
245 10 - TITLE STATEMENT
Title Alex Rodriguez /
Statement of responsibility, etc. by Michael V. Uschan.
260 ## - PUBLICATION, DISTRIBUTION, ETC.
Place of publication, distribution, etc. Detroit :
Name of publisher, distributor, etc. Lucent Books,
Date of publication, distribution, etc. c2011.
300 ## - PHYSICAL DESCRIPTION
Extent 104 p. :
Other physical details col. ill. ;
Dimensions 24 cm.
490 1# - SERIES STATEMENT
Series statement People in the news
504 ## - BIBLIOGRAPHY, ETC. NOTE
Bibliography, etc. note Includes bibliographical references (p. 89-94) and index.
520 ## - SUMMARY, ETC.
Summary, etc. Biography of baseball player Alex Rodfriguez.
600 10 - SUBJECT ADDED ENTRY--PERSONAL NAME
Personal name Rodriguez, Alex,
Dates associated with a name 1975-
Form subdivision Juvenile literature.
600 11 - SUBJECT ADDED ENTRY--PERSONAL NAME
Personal name Rodriguez, Alex,
Dates associated with a name 1975-
650 #0 - SUBJECT ADDED ENTRY--TOPICAL TERM
Topical term or geographic name entry element Baseball players
Geographic subdivision United States
Form subdivision Biography
-- Juvenile literature.
650 #1 - SUBJECT ADDED ENTRY--TOPICAL TERM
Topical term or geographic name entry element Baseball players
Geographic subdivision United States
Form subdivision Biography.
830 #0 - SERIES ADDED ENTRY--UNIFORM TITLE
Uniform title People in the news (San Diego, Calif.)
906 ## - LOCAL DATA ELEMENT F, LDF (RLIN)
a 7
b cbc
c orignew
d 1
e ecip
f 20
g y-gencatlg
942 ## - ADDED ENTRY ELEMENTS (KOHA)
Source of classification or shelving scheme
Koha item type Books - Non Ficton
Holdings
Withdrawn status Lost status Source of classification or shelving scheme Damaged status Not for loan Collection code Permanent Location Current Location Shelving location Date acquired Full call number Barcode Date last seen Price effective from Koha item type
          Non-Fiction KH8 Senior School Library KH8 Senior School Library Non Fiction 2019-08-15 921 USC 3KHSL000101002 2019-08-15 2019-08-15 Books - Non Ficton

Powered By KH8 IT Dept